| 000 | 00463nam a2200169 a 4500 | ||
|---|---|---|---|
| 001 | 1171 | ||
| 005 | 20140414131928.0 | ||
| 008 | 041105s19uu xx 00 eng d | ||
| 050 |
_aER _bSh7 1997 |
||
| 245 |
_aShow and tell / _cillustrations by Elizabeth Allen. |
||
| 260 |
_aChicago, Ill : _bWorld Book , _c1997. |
||
| 300 | _a12 p. : ill. ; cm. | ||
| 440 | _aWelcome to Reading. | ||
| 650 |
_aPets _xFiction. |
||
| 650 | _aChildren stories. | ||
| 999 |
_c112107 _d112107 |
||